Quiz o Call of Duty 4 Modern Warfare - Statystyki

Ogólne statystyki
  • Ten quiz został rozwiązany 39 razy
  • Średni wynik to 8 z 15
Statystyki odpowiedzi
Pytanie Odpowiedź % Poprawnych
W jakim mieście Kapitan Price miał za zadanie zlikwidować Imrana Zakhayeva? Prypeć
84%
Jak nazywa się przywódca państwa arabskiego w Call of Duty 4 Modern Warfare? Al Asad
72%
Kto był na tej misji wraz z Price'em? Kapitan MacMillan
69%
Ile jest misji w Call of Duty 4 Modern Warfare? 18
66%
W misji Sins of the Father, Viktor ginie poprzez... Samobójstwo
66%
Ile jest sekretnych laptopów w Call of Duty 4 Modern Warfare? 30
63%
W jakim państwie SAS znalazło Khaleda Al Asada w misji Safehouse? Azerbejdżan
63%
Kto ratuje rannych Price'a i Soapa na moście, w misji Game Over? Kamarov
63%
Czym sterujemy w misji Death from Above? Ac130
56%
Kim gramy w misjach na bliskim wschodzie? (Charlie Don't Surf, The Bog, Warpig) Sierżant Jackson
53%
Na jakie państwo, zarejestrowany był statek w misji Crew Expendable? Estonia
41%
Jak nazywa się syn Imrana Zakhayeva? Viktor Zakhayev
41%
Z jakiej broni, MacTavish finalnie eliminuje Imrana Zakhayeva w misji Game Over? Colt M1911
16%
W jaką broń wyposażony jest Soap na początku każdej z misji? M4A1 SOPMOD
13%
Jak nazywa się misja, w której bomba nuklearna zostaje zdetonowana? (Po Angielsku) Shock and Ave
3%
Nie znaleziono quizów pasujących do podanych kryteriów
Rozkład punktacji
Procent ludzi z każdym wynikiem
Percentyl według liczby udzielonych odpowiedzi
Twoja historia wyników
Nie rozwiązałeś tego quizu